000 00733nam a2200265Ia 4500
003 OSt
005 20221007103027.0
006 a|||||r|||| 00| 0
007 ta
008 221006b |||||||| |||| 00| 0 eng d
024 _a12,008
037 _cTextual
040 _aLCO
_cLCO
_beng
041 _2eng
_aeng
082 _aX72:(Z), N7
100 _aSinghania V.K.
245 0 _aDirect Taxes
_b Law and Practice 1997-98
250 _a18th
260 _aNew
_bDelhi Taxmann Publications (P.) Ltd. India
_c1997
300 _a1230
650 _aDIRECT TAXES
_9431678
700 _a Singhania Jeewan
_9417942
942 _hX72:(Z), N7
_cTEXL
999 _c1181571
_d1181571